Coaliciones políticas y gobernabilidad / Jordi Matas (ed.) ; Antonio Robles ... [et al.]
ISBN:
84-7794-711-2
Descripción Física:
266 p. ; 23 cm
Colección:
Workshop Barcelona ; 11
MARC
| LEADER | 00000nam a2200000Ia 4500 | ||
|---|---|---|---|
| 001 | 15289 | ||
| 008 | 160829s2000 xx 000 0 cat d | ||
| 020 | |a 84-7794-711-2 | ||
| 080 | |a M-4-301 | ||
| 245 | |a Coaliciones políticas y gobernabilidad / Jordi Matas (ed.) ; Antonio Robles ... [et al.] | ||
| 260 | |a Barcelona : |b ICPS, Institut de Ciències Polítiques i Socials, |c 2000 | ||
| 300 | |a 266 p. ; |c 23 cm | ||
| 490 | |a Workshop Barcelona ; 11 | ||
| 590 | |a Notes. | ||
| 590 | |a Bibliografia | ||
| 650 | |a Governs de coalició |9 33323 | ||
| 650 | |a Governs de coalició |x Espanya |9 33324 | ||
| 650 | |a Política |9 23804 | ||
| 700 | |a Matas Dalmases, Jordi, ed. |9 33321 | ||
| 700 | |a Robles, Antonio |9 33325 | ||
| 710 | 2 | |a Institut de Ciències Polítiques i Socials (Barcelona, Catalunya) |9 55871 | |
| 901 | |a Arxiu | ||
| 942 | |n 1 | ||
| 952 | |0 0 |1 0 |4 0 |6 M4301 |7 1 |9 46267 |a Arxiu |b Arxiu |d 2016-12-01 |l 0 |o M-4-301 |p 15289 |r 2016-12-01 00:00:00 |w 2016-12-01 |y ARXIU | ||
| 999 | |c 49769 |d 49769 | ||